Statistiques concernant Premiers Ministres du Canada

Cliquez ici pour prendre le quiz!

Statistiques générales

  • Ce quiz a été pris 1 784 fois
  • Le résultat moyen est 18 sur 29

Statistiques - réponses

HintRéponse% Correct
2015-Justin Trudeau
100%
1968-1979Pierre Elliott Trudeau
100%
1980-1984Pierre Elliott Trudeau
100%
2006-2015Stephen Harper
91%
1993-2003Jean Chrétien
84%
1867-1873John A. Macdonald
83%
1878-1891John A. Macdonald
83%
1984-1993Brian Mulroney
74%
1896-1911Wilfrid Laurier
73%
2003-2006Paul Martin
72%
1873-1878Alexander Mackenzie
69%
1993Kim Campbell
69%
1921-1926William Lyon Mackenzie King
62%
1926-1930William Lyon Mackenzie King
62%
1935-1948William Lyon Mackenzie King
62%
1963-1968Lester B. Pearson
58%
1979-1980Joe Clark
56%
1984John Turner
51%
1948-1957Louis St. Laurent
49%
1911-1917Robert Borden
49%
1917-1920Robert Borden
49%
1957-1963John Diefenbaker
48%
1896Charles Tupper
33%
1891-1892John Abbott
33%
1926Arthur Meighen
32%
1920-1921Arthur Meighen
32%
1930-1935Richard Bedford Bennett
32%
1894-1896Mackenzie Bowell
31%
1892-1894John Thompson
29%

Distribution des résultats

Percentile par nombre de réponses

% des personnes avec chaque résultat

Votre développement - résultats

Vous n’avez pas pris ce quiz